Etika masmédií a manipulácia

Človek ako adresát médií. Etika masmédií. Manipulácia a metódy a účinky manipulácie.

Guardado en:
Detalles Bibliográficos
Autor principal: Klobušická, Mária
Formato: Capítulo de libro
Lenguaje:eslovaco
Materias:
Etiquetas: Agregar Etiqueta
Sin Etiquetas, Sea el primero en etiquetar este registro!

MARC

LEADER 00000naa a2200000 4500
001 0175515
005 20231211131611.4
041 0 |a slo 
044 |a SK 
245 1 0 |a Etika masmédií a manipulácia  |c Mária Klobušická 
520 |a Človek ako adresát médií. Etika masmédií. Manipulácia a metódy a účinky manipulácie. 
610 2 0 |a médiá 
610 2 0 |a etika 
610 2 0 |a reklama 
100 1 |a Klobušická, Mária